LEADER 01552nam a2200361 a 4500 001 000000149567 003 CaOOAMICUS 005 20160222093201.0 008 160222s2015 it ahf u000 u ita r 020 $a978-88-372-2839-2* 032 $aLibriCat 040 $aPUL$bita 041 1 $aita$hger 082 04$a296.8 100 1 $aBuber, Martin,$d1878-1965.$0(OLS)http://pul/name/5557 240 10$aIsrael und die Voelker.$lItaliano.$0(OLS)http://pul/title/188571 245 10$aIsraele e i popoli : $bper una teologia politica ebraica /$cMartin Buber ; a cura di Stefano Franchini. 260 $aBrescia :$bMorcelliana,$c©2015. 300 $a284 p., [8] c. di tav. :$bill., facsim. ;$c21 cm. 490 1 $aStoria ;$v71 500 $aInclude indice. 600 14$aBuber, Martin,$d1878-1965$xFilosofia.$0(OLS)http://pul/subject/7733 650 4$aEbraismo$xStudi.$0(OLS)http://pul/subject/41848 700 1 $aFranchini, Stefano.$0(OLS)http://pul/name/92385 830 0$aStoria (Morcelliana) ;$v71.$0(OLS)http://pul/title/99994 850 $aPUL 852 $aPUL$W1$xSL Religione 3$y85$m296. 8 BUBMA 3$j172225$qDDC 21$B173850$CPULBib$Z2$F173850 $H127160 $81 941 1 $a9 996 $6020$a978-88-372-2839-2*$9(OLS)http://pul/number/159799 996 $6082$a296.8$9(OLS)http://pul/classification/2918 996 $6245$aIsraele e i popoli : $bper una teologia politica ebraica$9(OLS)http://pul/title/188572 996 $6260$aBrescia :$bMorcelliana$9(OLS)http://pul/publisher/47854 LEADER 02310nam a2200433 u 4500 001 000000105372 003 CaOOAMICUS 005 20150625161818.0 008 070531s1996 it u000 u ita u 020 $a88-311-3128-1 040 $aPUL$bita$dES 041 1 $aita$hlat 100 1 $aTertullianus, Quintus Septimius Florens,$dc. 160-c. 225.$0(OLS)http://pul/name/1914 245 10$aAlla consorte ; l'unicità delle nozze /$cTertulliano ; traduzione, introduzione e note a cura di Lorenzo Dattrino. 260 $aRoma :$bCittà Nuova,$cc1996. 300 $a199 p.$c21 cm 490 1 $aCollana di testi patristici ;$v128 700 1 $aDattrino, Lorenzo,$d1943-2019.$0(OLS)http://pul/name/11325 700 1 $aTertullianus, Quintus Septimius Florens,$dc. 160-c. 225.$tDe monogamia.$0(OLS)http://pul/nameTitle/463$0(OLS)http://pul/name/1914$0(OLS)http://pul/title/20655 700 1 $aTertullianus, Quintus Septimius Florens,$dc. 160-c. 225.$tAd uxorem.$0(OLS)http://pul/nameTitle/462$0(OLS)http://pul/name/1914$0(OLS)http://pul/title/132603 740 22$aL'unicità delle nozze. 830 0$aCollana di testi patristici ;$v128.$0(OLS)http://pul/title/17027 850 $aPUL 852 $aPUL$W1$xSL Cons. Gen., Altre Classi 1$y1$m2000 E 128$j118096$qStampati$B118011$CPULBib$Z2$F118011 $H74829 $82 852 $aPUL$W1$xDP1 Fondo S. Lanza$y121$m3 E 54.128$j166621$qFondi$B167223$CPULBib$Z2$F167223 $HLAN623 $82 900 $aTertulliano,$dc. 160-c. 225$91914 900 $aTertulliano, Quinto Settimio Fiorente,$dc. 160-c. 225$91914 900 $aTertulliano,$dc. 160-c. 225$91914 900 $aTertulliano, Quinto Settimio Fiorente,$dc. 160-c. 225$91914 900 $aTertulliano,$dc. 160-c. 225$91914 900 $aTertulliano, Quinto Settimio Fiorente,$dc. 160-c. 225$91914 900 $aTertulliano,$dc. 160-c. 225$91914 900 $aTertulliano, Quinto Settimio Fiorente,$dc. 160-c. 225$91914 941 1 $a8 941 1 $a1 996 $6020$a88-311-3128-1$9(OLS)http://pul/number/134590 996 $6245$aAlla consorte ; l'unicità delle nozze$9(OLS)http://pul/title/132602 996 $6740$aL'unicità delle nozze$9(OLS)http://pul/title/132604 996 $6260$aRoma :$bCittà Nuova$9(OLS)http://pul/publisher/47927